| 000 | 00516nam a2200157Ia 4500 | ||
|---|---|---|---|
| 008 | 170224s9999 xx 000 0 und d | ||
| 100 | _aTeresa Correa | ||
| 245 | _aAcquiring a New Technology at Home: A Parent-Child Study About Youths’ Influence on Digital Media Adoption in a Family | ||
| 245 | _cTeresa Correa | ||
| 260 | _bJournal of Broadcasting & Electronic Media | ||
| 260 | _cMarch | ||
| 300 | _a60:1, Pages: 123-139 | ||
| 500 | _aMarch | ||
| 650 | _xCommunication Arts | ||
| 650 | _xMultimedia Arts | ||
| 999 |
_c316176 _d316176 |
||